[Event "Men's Championship of Saratov region 2013"]
[Site "Saratov"]
[Date "2013.06.02"]
[Round "3.4"]
[White "Guliev, Gasan"]
[Black "Bolychevsky, Alexander"]
[Result "1-0"]
[WhiteElo "1985"]
[BlackElo "1856"]
[PlyCount "59"]
[EventDate "2013.06.01"]

1. e4 e6 2. d4 d5 3. Nd2 Nf6 4. e5 Nfd7 5. Bd3 c5 6. c3 Nc6 7. Ne2 Qb6 8. Nf3
Be7 9. O-O O-O 10. Bb1 cxd4 11. cxd4 Na5 12. Qd3 g6 13. h4 Nc4 14. b3 Na3 15.
Bxa3 Bxa3 16. Bc2 Qc7 17. Rab1 Bb4 18. h5 Re8 19. Ng5 Nf8 20. f4 Bd7 21. Rf3
Be7 22. Rbf1 Bb5 23. Qd2 Bb4 24. Qxb4 Bxe2 25. Rc3 Qd7 26. hxg6 hxg6 27. Rf2
Ba6 28. Rh3 Rac8 29. Qe1 f5 30. exf6 1-0

[Event "Men's Championship of Saratov region 2013"]
[Site "Saratov"]
[Date "2013.06.02"]
[Round "3.5"]
[White "Palin, Denis"]
[Black "Kavyev, Emil"]
[Result "1-0"]
[WhiteElo "2145"]
[BlackElo "1691"]
[PlyCount "55"]
[EventDate "2013.06.01"]

1. e4 e5 2. Nf3 Nc6 3. Nc3 Nf6 4. a3 Be7 5. d4 Nxd4 6. Nxd4 exd4 7. Qxd4 d6 8.
f3 Be6 9. Be3 d5 10. exd5 Nxd5 11. Nxd5 Qxd5 12. O-O-O O-O-O 13. Qxd5 Bxd5 14.
Bd3 a6 15. Bd4 Ba2 16. f4 Be6 17. Bc3 Bd5 18. Rd2 Rhe8 19. Bf5+ Kb8 20. Rhd1 c6
21. Ba5 Rd6 22. c4 Rf6 23. Bd7 Rf8 24. cxd5 Rxf4 25. dxc6 bxc6 26. Kb1 c5 27.
Bc3 g6 28. Be5+ 1-0

[Event "Men's Championship of Saratov region 2013"]
[Site "Saratov"]
[Date "2013.06.02"]
[Round "3.6"]
[White "Kavyev, Ruslan"]
[Black "Baitzurov, Denis"]
[Result "1-0"]
[WhiteElo "1835"]
[BlackElo "2093"]
[PlyCount "95"]
[EventDate "2013.06.01"]

1. e4 c6 2. d4 d5 3. Nd2 dxe4 4. Nxe4 Bf5 5. Ng3 Bg6 6. Nf3 Nd7 7. Bd3 Bxd3 8.
Qxd3 Qc7 9. b3 e6 10. Bb2 Bb4+ 11. c3 Be7 12. O-O Ngf6 13. c4 O-O 14. Rac1 Rad8
15. Qe2 Rfe8 16. Rfd1 Bd6 17. Ne5 c5 18. Nxd7 Nxd7 19. dxc5 Bxg3 20. hxg3 Nxc5
21. Be5 Qe7 22. Rxd8 Rxd8 23. Rd1 f6 24. Bb2 e5 25. Ba3 b6 26. Rd2 Rxd2 27.
Qxd2 Qd7 28. Qxd7 Nxd7 29. f3 Kf7 30. Kf2 Ke6 31. Ke3 f5 32. b4 h5 33. b5 g6
34. Bb4 g5 35. a4 g4 36. a5 Nb8 37. a6 Nd7 38. c5 Nf6 39. cxb6 Nd5+ 40. Kd2
Nxb6 41. Bc5 Nc8 42. Bxa7 gxf3 43. gxf3 f4 44. gxf4 Ne7 45. b6 h4 46. Ke2 Nc6
47. b7 h3 48. Kf2 1-0

[Event "Men's Championship of Saratov region 2013"]
[Site "Saratov"]
[Date "2013.06.02"]
[Round "3.8"]
[White "Vdovin, Sergey"]
[Black "Kruzhilin, Aleksey"]
[Result "0-1"]
[WhiteElo "1675"]
[BlackElo "1957"]
[PlyCount "94"]
[EventDate "2013.06.01"]

1. e4 e5 2. d4 exd4 3. Qxd4 Nc6 4. Qe3 Nf6 5. Nc3 Be7 6. Bd2 d5 7. exd5 Nxd5 8.
Nxd5 Qxd5 9. Ne2 Bf5 10. Nc3 Qc5 11. Bb5 O-O 12. Qxc5 Bxc5 13. Bxc6 bxc6 14.
O-O-O Rfe8 15. Rhe1 h5 16. Rxe8+ Rxe8 17. Re1 Rxe1+ 18. Bxe1 h4 19. Na4 Bd6 20.
g3 g5 21. Bd2 f6 22. Be3 a6 23. Nc5 Bc8 24. Kd2 Kf7 25. b4 Kg6 26. Ke2 f5 27.
f4 Kh5 28. Kf3 g4+ 29. Ke2 h3 30. Kd3 Kg6 31. a3 Kf7 32. c4 Bf8 33. Bd4 Bd6 34.
Be3 Bf8 35. Kc3 Ke8 36. Nd3 Bb7 37. Bd4 Kd7 38. Be5 Kd8 39. Kd4 Kd7 40. c5 Be7
41. Bg7 Ke6 42. Ne5 Bd8 43. Nc4 Bh4 44. Nd2 Bxg3 45. Nf1 Bxf4 46. Kd3 Bxh2 47.
Nxh2 g3 0-1

[Event "Men's Championship of Saratov region 2013"]
[Site "Saratov"]
[Date "2013.06.02"]
[Round "3.10"]
[White "Berezhnov, Dmitry"]
[Black "Sokolov, Denis"]
[Result "1-0"]
[WhiteElo "1938"]
[BlackElo "1652"]
[PlyCount "39"]
[EventDate "2013.06.01"]

1. d4 d5 2. c4 c6 3. Nf3 Nf6 4. Nc3 Bg4 5. Ne5 Bh5 6. Qb3 Qb6 7. Qxb6 axb6 8.
cxd5 Nxd5 9. Nxd5 cxd5 10. e4 f6 11. Bb5+ Kd8 12. Nf3 dxe4 13. Nd2 f5 14. Nc4
Bf7 15. Bf4 Bxc4 16. Bxc4 Nc6 17. Be6 Ra5 18. Rc1 Rb5 19. d5 Na7 20. Bb8 1-0

[Event "Men's Championship of Saratov region 2013"]
[Site "Saratov"]
[Date "2013.06.02"]
[Round "3.11"]
[White "Tatarinov, Andrey"]
[Black "Upolovnev, Vladimir"]
[Result "0-1"]
[WhiteElo "1743"]
[BlackElo "1893"]
[PlyCount "128"]
[EventDate "2013.06.01"]

1. d4 Nf6 2. f4 e6 3. Nf3 Be7 4. e3 c5 5. Bd3 b6 6. Qe2 Bb7 7. Nbd2 d5 8. c3
Nbd7 9. O-O Ne4 10. Ne5 O-O 11. Rf3 f5 12. Rh3 Ndf6 13. Ndf3 Ng4 14. Bxe4 dxe4
15. Ng5 Bxg5 16. Nxg4 fxg4 17. Qxg4 Bf6 18. Qxe6+ Kh8 19. Qf5 h6 20. Qg6 Qe8
21. Qxe8 Raxe8 22. Bd2 Bc8 23. Rh5 cxd4 24. cxd4 Be6 25. Bb4 Rf7 26. Rc1 Rc8
27. Rxc8+ Bxc8 28. h3 g6 29. Rd5 Be6 30. Rd6 Bxa2 31. Rc6 Kg7 32. Bd6 Bd5 33.
Rc8 Bb7 34. Rb8 Ba6 35. Be5 Bxe5 36. fxe5 Bc4 37. Rd8 Re7 38. Kf2 Kf7 39. Kg3
g5 40. Kg4 Kg6 41. h4 h5+ 42. Kg3 a5 43. Rf8 Bf7 44. Rb8 Re6 45. Rb7 Be8 46.
Kh3 b5 47. g4 hxg4+ 48. Kxg4 gxh4 49. Rc7 Bc6 50. Kxh4 b4 51. Kg4 a4 52. Ra7
Bb5 53. Rb7 Be2+ 54. Kf4 a3 55. bxa3 bxa3 56. Rb1 Bd3 57. Rg1+ Kf7 58. d5 Ra6
59. Kf5 a2 60. e6+ Kf8 61. Ra1 Bb1 62. Ke5 Ke7 63. Kf5 Kd6 64. Kf6 Ra7 0-1

[Event "Men's Championship of Saratov region 2013"]
[Site "Saratov"]
[Date "2013.06.02"]
[Round "3.12"]
[White "Gagarkine, Nikolay"]
[Black "Fedukin, Alexandre"]
[Result "0-1"]
[WhiteElo "1916"]
[BlackElo "1862"]
[PlyCount "66"]
[EventDate "2013.06.01"]

1. d4 e6 2. Nf3 Nf6 3. g3 b6 4. Bg2 Bb7 5. O-O Be7 6. Re1 d5 7. Ne5 Nfd7 8. c4
f6 9. Nxd7 Qxd7 10. Nc3 c6 11. cxd5 cxd5 12. e4 dxe4 13. Nxe4 Nc6 14. Nc3 O-O-O
15. d5 exd5 16. Nxd5 Bc5 17. Ne3 Qxd1 18. Nxd1 Nd4 19. Bxb7+ Kxb7 20. Kg2 Nc2
21. b4 Nxe1+ 22. Kf1 Rxd1 23. Ke2 Rhd8 24. bxc5 Nc2 25. Rb1 Re1+ 26. Kf3 Rdd1
27. cxb6 Rxc1 28. Rb2 axb6 29. a4 Nd4+ 30. Kg4 Rc2 31. Rb4 Re4+ 32. Kh3 Rxf2
33. a5 Rxh2+ 0-1

[Event "Men's Championship of Saratov region 2013"]
[Site "Saratov"]
[Date "2013.06.03"]
[Round "4.1"]
[White "Borisovsky, Viktor"]
[Black "Biryukov, Dmitriy"]
[Result "0-1"]
[WhiteElo "2152"]
[BlackElo "2272"]
[PlyCount "68"]
[EventDate "2013.06.01"]

1. d4 d6 2. c4 g6 3. Nc3 Bg7 4. e4 Nf6 5. f3 O-O 6. Nge2 Nc6 7. Be3 a6 8. Qd2
Rb8 9. Nc1 e5 10. d5 Nd4 11. Nb3 Nxb3 12. axb3 Nh5 13. b4 f5 14. c5 Nf4 15. Rd1
Kh8 16. b5 axb5 17. Nxb5 fxe4 18. fxe4 Nh5 19. g3 Nf6 20. cxd6 cxd6 21. Qb4 Ng4
22. Ba7 Ra8 23. h3 Rxa7 24. Nxa7 Nf2 25. Rg1 Nxd1 26. Kxd1 Bh6 27. Nxc8 Qxc8
28. Qc3 Qa8 29. Qa3 Qd8 30. Qb4 Qg5 31. Qc3 Ra8 32. Bb5 Qd8 33. Rf1 Qb6 34. Bd7
Ra1+ 0-1

[Event "Men's Championship of Saratov region 2013"]
[Site "Saratov"]
[Date "2013.06.03"]
[Round "4.2"]
[White "Guliev, Gasan"]
[Black "Smirnov, Alexandr A"]
[Result "1-0"]
[WhiteElo "1985"]
[BlackElo "2155"]
[PlyCount "107"]
[EventDate "2013.06.01"]

1. e4 c5 2. Nf3 g6 3. d4 cxd4 4. Nxd4 Bg7 5. Be3 Nc6 6. Nc3 Nf6 7. Bc4 O-O 8.
Bb3 d6 9. f3 Bd7 10. Qd2 Rb8 11. Nxc6 bxc6 12. O-O-O a5 13. a4 Be6 14. Bxe6
fxe6 15. b3 Nd7 16. Bd4 Ne5 17. Ne2 c5 18. Bc3 c4 19. Nd4 cxb3 20. Nxe6 b2+ 21.
Kb1 Qe8 22. Qd5 Rf7 23. Rd4 Bf6 24. Nc7 Qc8 25. Bxa5 Nc6 26. Rc4 Nxa5 27. Qxa5
e6 28. e5 Bxe5 29. Re1 d5 30. Rxe5 dxc4 31. Nxe6 Qd7 32. Re1 Re7 33. Nc5 Rxe1+
34. Qxe1 Qe8 35. Qd2 Qe5 36. Ne4 Rc8 37. c3 Qxh2 38. Qd5+ Kf8 39. Kxb2 Qxg2+
40. Nd2 Qh2 41. Qd4 Re8 42. f4 Re2 43. Kc2 Qf2 44. Qh8+ Kf7 45. Qxh7+ Kf6 46.
Qh8+ Kf5 47. Qf8+ Kg4 48. Qd6 Qxf4 49. Qxg6+ Kh4 50. Qh7+ Kg3 51. Qd7 Kf2 52.
Qa7+ Qe3 53. Qf7+ Ke1 54. Qf1# 1-0

[Event "Men's Championship of Saratov region 2013"]
[Site "Saratov"]
[Date "2013.06.03"]
[Round "4.3"]
[White "Kvitka, Roman"]
[Black "Kavyev, Ruslan"]
[Result "1/2-1/2"]
[WhiteElo "2164"]
[BlackElo "1835"]
[PlyCount "96"]
[EventDate "2013.06.01"]

1. c4 c5 2. Nc3 Nc6 3. g3 g6 4. Bg2 Bg7 5. a3 d6 6. e3 Bf5 7. d3 Ne5 8. e4 Bd7
9. f4 Nc6 10. Nge2 e5 11. O-O a6 12. Rb1 Nge7 13. Be3 O-O 14. b4 b6 15. Qd2 Nd4
16. fxe5 dxe5 17. Nd5 Nec6 18. Nec3 Rb8 19. Rb2 Be6 20. Rfb1 Qd6 21. Na4 Bxd5
22. cxd5 Ne7 23. bxc5 bxc5 24. Rxb8 Rxb8 25. Rxb8+ Qxb8 26. Nxc5 Qb5 27. Qb4
Nc2 28. Qxb5 axb5 29. Bc1 Nc8 30. Nd7 Nd6 31. Bb2 f6 32. Kf2 Kf7 33. Ke2 Ke7
34. Nb8 Bh6 35. Nc6+ Kd7 36. Bh3+ Kc7 37. Be6 Be3 38. Bg8 h6 39. Bh7 g5 40. Nb4
Bd4 41. Bc1 Nxb4 42. axb4 Bc3 43. Bd2 Bd4 44. Kf3 Ne8 45. Bg6 Ng7 46. Be3 Kd6
47. h4 Ke7 48. Bxd4 exd4 1/2-1/2

[Event "Men's Championship of Saratov region 2013"]
[Site "Saratov"]
[Date "2013.06.03"]
[Round "4.4"]
[White "Kruzhilin, Aleksey"]
[Black "Palin, Denis"]
[Result "1/2-1/2"]
[WhiteElo "1957"]
[BlackElo "2145"]
[PlyCount "27"]
[EventDate "2013.06.01"]

1. Nf3 e6 2. c4 f5 3. g3 Nf6 4. Bg2 d5 5. O-O Bd6 6. Nc3 c6 7. d3 O-O 8. e4
Nbd7 9. Re1 dxe4 10. dxe4 Ne5 11. Qc2 Qc7 12. b3 Bd7 13. Bb2 f4 14. Nd4 1/2-1/2

[Event "Men's Championship of Saratov region 2013"]
[Site "Saratov"]
[Date "2013.06.03"]
[Round "4.6"]
[White "Nurdinov, Iliya"]
[Black "Zhdanov, Petr"]
[Result "0-1"]
[WhiteElo "1951"]
[BlackElo "2025"]
[PlyCount "124"]
[EventDate "2013.06.01"]

1. d4 Nf6 2. Nf3 g6 3. Bg5 Bg7 4. e3 c5 5. c3 cxd4 6. exd4 d5 7. Bd3 Nc6 8.
Nbd2 O-O 9. O-O Qc7 10. h3 Bf5 11. Qe2 Bxd3 12. Qxd3 a5 13. Bh4 Nh5 14. Rfe1 e6
15. Nf1 Qb6 16. Rab1 Qa6 17. Qxa6 Rxa6 18. Ne3 b5 19. Ng4 b4 20. Nge5 bxc3 21.
bxc3 Nxe5 22. Nxe5 Rc8 23. Nd7 Rac6 24. Re3 R6c7 25. Nc5 e5 26. Na6 Rc6 27. Rb8
Rxb8 28. Nxb8 Rc8 29. Nd7 exd4 30. cxd4 Bxd4 31. Rd3 Rc7 32. Rxd4 Rxd7 33. g4
Ng7 34. Bf6 Ne8 35. Be5 f6 36. Bf4 Kf7 37. Bd2 Ke6 38. Bxa5 Ra7 39. Bb6 Rxa2
40. Rd3 Nd6 41. Re3+ Kd7 42. Bd4 f5 43. g5 Ne4 44. Bf6 Kd6 45. h4 Nxf6 46. gxf6
Ra7 47. Kg2 Rf7 48. Kf3 Rxf6 49. Kf4 Re6 50. Rh3 h6 51. f3 h5 52. Rh1 d4 53.
Ra1 Kd5 54. Ra5+ Kc4 55. Ra4+ Kc3 56. Ra3+ Kc2 57. Ra2+ Kb3 58. Ra8 d3 59. Rd8
Kc2 60. Rc8+ Kd1 61. Rd8 d2 62. Kg5 Ke2 0-1

[Event "Men's Championship of Saratov region 2013"]
[Site "Saratov"]
[Date "2013.06.03"]
[Round "4.7"]
[White "Kavyev, Emil"]
[Black "Berezhnov, Dmitry"]
[Result "0-1"]
[WhiteElo "1691"]
[BlackElo "1938"]
[PlyCount "160"]
[EventDate "2013.06.01"]

1. e4 d6 2. d4 g6 3. Nc3 Bg7 4. Bg5 Nc6 5. Bb5 Bd7 6. Nge2 a6 7. Bxc6 Bxc6 8.
f4 b5 9. a3 Bb7 10. O-O Nf6 11. e5 Nd5 12. Nxd5 Bxd5 13. Nc3 Bc4 14. Re1 dxe5
15. dxe5 c6 16. Ne4 Qb6+ 17. Kh1 Rd8 18. Qg4 Be6 19. Qh4 Rd7 20. Bh6 Kf8 21.
Rad1 Bd5 22. Nf6 Rd8 23. Nxd5 Rxd5 24. Bxg7+ Kxg7 25. Qxe7 Qd8 26. Qxd8 Rhxd8
27. Rc1 Rd2 28. Kg1 R8d4 29. Rf1 Re4 30. Rf2 Ree2 31. Rxe2 Rxe2 32. Kf1 Rd2 33.
b4 Kf8 34. c4 Ra2 35. cxb5 cxb5 36. Rc3 h5 37. h3 h4 38. e6 fxe6 39. Rc6 Rxa3
40. Rxe6 Kf7 41. Re4 Kf6 42. f5 g5 43. Kf2 Kxf5 44. Rg4 Rc3 45. Rd4 Rc4 46. Rd6
Rxb4 47. Rxa6 Rb2+ 48. Kf3 Rb3+ 49. Kf2 b4 50. Rb6 Rb1 51. Rb8 b3 52. Rb4 Ke5
53. Rg4 Kf5 54. Rb4 Ke6 55. Rb5 b2 56. Rb7 Ke5 57. Rb5+ Kd4 58. Rb8 Ke4 59.
Rb4+ Kd3 60. Rb8 Ke4 61. Rb4+ Kf5 62. Rb5+ Kf4 63. Rb4+ Ke5 64. Rb5+ Kd4 65.
Rb8 Kc3 66. Rc8+ Kd3 67. Rb8 g4 68. Rd8+ Ke4 69. Re8+ Kf4 70. Rf8+ Kg5 71. Rg8+
Kf6 72. Rf8+ Ke7 73. Rb8 g3+ 74. Kf3 Rf1+ 75. Kg4 b1=Q 76. Rxb1 Rxb1 77. Kxh4
Rb3 78. Kg4 Kf6 79. h4 Kg6 80. Kh3 Rb4 0-1

[Event "Men's Championship of Saratov region 2013"]
[Site "Saratov"]
[Date "2013.06.03"]
[Round "4.8"]
[White "Bolychevsky, Alexander"]
[Black "Baitzurov, Denis"]
[Result "1-0"]
[WhiteElo "1856"]
[BlackElo "2093"]
[PlyCount "103"]
[EventDate "2013.06.01"]

1. Nf3 Nf6 2. c4 g6 3. Nc3 Bg7 4. e4 d6 5. d4 O-O 6. Be2 e5 7. dxe5 dxe5 8.
Qxd8 Rxd8 9. Bg5 Re8 10. O-O-O Nc6 11. Nd5 Nxd5 12. cxd5 Nd4 13. Nxd4 exd4 14.
f3 Bd7 15. Kb1 Rac8 16. Rc1 c5 17. dxc6 Rxc6 18. Rxc6 Bxc6 19. Bc4 Be5 20. h3
Kg7 21. Rc1 Bg3 22. Bd3 h6 23. Bd2 g5 24. Bb4 Bf4 25. Rc2 Be5 26. Bc5 a6 27.
Bb4 Rc8 28. Be1 Bd7 29. Rxc8 Bxc8 30. Bc4 Be6 31. b3 b5 32. Be2 Kf6 33. Kc2 Bf4
34. Bf2 Ke5 35. Kd3 Be3 36. Bxe3 dxe3 37. Kxe3 h5 38. g3 Bxh3 39. f4+ gxf4+ 40.
gxf4+ Kd6 41. Bxh5 f6 42. b4 a5 43. a3 axb4 44. axb4 Be6 45. Kd4 Bc4 46. Be8
Ke7 47. Bc6 Kd6 48. Bb7 Be2 49. Bd5 Bf1 50. e5+ fxe5+ 51. fxe5+ Ke7 52. Kc5 1-0

[Event "Men's Championship of Saratov region 2013"]
[Site "Saratov"]
[Date "2013.06.03"]
[Round "4.9"]
[White "Sudnik, Pavel"]
[Black "Vdovin, Sergey"]
[Result "0-1"]
[WhiteElo "2055"]
[BlackElo "1675"]
[PlyCount "74"]
[EventDate "2013.06.01"]

1. e4 e5 2. Bc4 Nf6 3. d3 c6 4. Bg5 d5 5. exd5 cxd5 6. Bxf6 gxf6 7. Bb5+ Nc6 8.
Nd2 Rg8 9. Kf1 f5 10. Qh5 Qg5 11. Qxg5 Rxg5 12. Ngf3 Rg6 13. Nxe5 Re6 14. f4 f6
15. Nef3 Bd7 16. Bxc6 bxc6 17. Nd4 Re7 18. Re1 c5 19. N4f3 Rb8 20. b3 Kf7 21.
Kf2 a5 22. Nh4 a4 23. Rxe7+ Bxe7 24. Nf1 axb3 25. axb3 Rb4 26. g3 c4 27. Ne3
Bc5 28. bxc4 dxc4 29. Rd1 Ba4 30. dxc4 Rxc4 31. Nhxf5 Rxc2+ 32. Kf3 Rxh2 33.
Nd6+ Kf8 34. Rd3 h5 35. Ke4 Re2 36. Ndc4 Bc2 37. f5 Bxe3 0-1

[Event "Men's Championship of Saratov region 2013"]
[Site "Saratov"]
[Date "2013.06.03"]
[Round "4.10"]
[White "Upolovnev, Vladimir"]
[Black "Sokolov, Denis"]
[Result "1-0"]
[WhiteElo "1893"]
[BlackElo "1652"]
[PlyCount "85"]
[EventDate "2013.06.01"]

1. e4 e5 2. Nf3 Nc6 3. d4 exd4 4. Bc4 h6 5. O-O Nf6 6. e5 d5 7. Bb5 Ne4 8. Nxd4
Bd7 9. Bxc6 bxc6 10. f3 Ng5 11. f4 Ne4 12. e6 Bxe6 13. Nxe6 fxe6 14. Qh5+ Kd7
15. Be3 Qf6 16. c3 g6 17. Qe2 Bg7 18. Na3 Rhb8 19. Rad1 Qe7 20. Kh1 Bxc3 21.
Bc1 Ke8 22. bxc3 Nxc3 23. Qg4 Nxd1 24. Rxd1 Qf6 25. h4 h5 26. Qh3 Kf7 27. Re1
Qf5 28. Qc3 Qf6 29. Qg3 Rb4 30. Bd2 Ra4 31. Qb3 Qxh4+ 32. Kg1 Rxf4 33. Qe3 Re4
34. Rf1+ Ke8 35. Qc5 Rd8 36. Qxc6+ Rd7 37. Nb5 Qg3 38. Nc3 Re3 39. Qc5 Qd6 40.
Qxe3 d4 41. Qh6 Re7 42. Qxg6+ Kd7 43. Ne4 1-0

[Event "Men's Championship of Saratov region 2013"]
[Site "Saratov"]
[Date "2013.06.03"]
[Round "4.12"]
[White "Fedukin, Alexandre"]
[Black "Tatarinov, Andrey"]
[Result "0-1"]
[WhiteElo "1862"]
[BlackElo "1743"]
[PlyCount "128"]
[EventDate "2013.06.01"]

1. c4 e6 2. Nf3 f5 3. g3 Nf6 4. Bg2 d5 5. O-O c6 6. Qc2 Bd6 7. d3 e5 8. Bg5 e4
9. Nd4 O-O 10. cxd5 cxd5 11. Qb3 Be5 12. e3 Kh8 13. dxe4 fxe4 14. Nc3 Bxd4 15.
exd4 Nc6 16. Bxf6 gxf6 17. Rad1 f5 18. Qxd5 Qf6 19. Qc4 Be6 20. d5 Ne5 21. Qd4
Bf7 22. h3 Bh5 23. g4 fxg4 24. Nxe4 Qg7 25. h4 g3 26. f4 Bxd1 27. Qxe5 Be2 28.
Re1 Bc4 29. b3 Qxe5 30. fxe5 Bxd5 31. Nd6 Bxg2 32. Kxg2 Kg7 33. Kxg3 Rad8 34.
Kg4 Rf2 35. a4 Rd2 36. Nf5+ Kf8 37. e6 Re8 38. Kg5 Rg2+ 39. Kf4 Rd2 40. h5 Kg8
41. Ke5 b6 42. Rg1+ Kf8 43. Re1 Kg8 44. Kf6 Rf8+ 45. Ke5 Re8 46. Kf6 Rf8+ 47.
Ke7 Rxf5 48. Rg1+ Kh8 49. h6 Re2 50. Rd1 Rg5 51. Kf6 Rg6+ 52. Kf7 Rf2+ 53. Ke7
Rxh6 54. Re1 Rff6 55. Kd7 Rxe6 56. Rxe6 Rxe6 57. Kxe6 Kg7 58. a5 bxa5 59. Kd5
h5 60. Kc5 h4 61. Kb5 h3 62. Kxa5 h2 63. b4 h1=Q 64. Ka6 Qc6+ 0-1

[Event "Men's Championship of Saratov region 2013"]
[Site "Saratov"]
[Date "2013.06.04"]
[Round "5.1"]
[White "Biryukov, Dmitriy"]
[Black "Guliev, Gasan"]
[Result "1-0"]
[WhiteElo "2272"]
[BlackElo "1985"]
[PlyCount "111"]
[EventDate "2013.06.01"]

1. e4 c5 2. Nf3 g6 3. d4 cxd4 4. Nxd4 Bg7 5. Nc3 Nc6 6. Be3 Nf6 7. Bc4 O-O 8.
Bb3 d6 9. f3 Bd7 10. Qd2 Rc8 11. O-O a6 12. Rac1 Ne5 13. Nd5 Nxd5 14. Bxd5 Nc4
15. Bxc4 Rxc4 16. b3 Rc8 17. c4 b5 18. cxb5 axb5 19. Qb4 Rxc1 20. Rxc1 Bxd4 21.
Qxd4 f6 22. Qa7 Be6 23. Rc7 Kf7 24. Rb7 Re8 25. Rxb5 Qc8 26. Rb7 Qc3 27. h3
Qa1+ 28. Kh2 Qe5+ 29. Kh1 d5 30. Qd4 Qh5 31. exd5 Bxd5 32. Rb5 Rd8 33. a4 Qf5
34. a5 Bxb3 35. Qxd8 Qxb5 36. Qh8 Qxa5 37. Qxh7+ Ke8 38. Qxg6+ Bf7 39. Qe4 Qa6
40. Kh2 Qd6+ 41. Bf4 e5 42. Bg3 Qd5 43. Qh7 Bg8 44. Qh8 Ke7 45. Bh4 Qf7 46.
Bxf6+ Qxf6 47. Qxg8 Qf4+ 48. Qg3 Qd4 49. h4 Kd6 50. Qg6+ Ke7 51. Qe4 Qd6 52. f4
Qh6 53. Qxe5+ Kf7 54. h5 Kf8 55. Qf5+ Ke7 56. Qg5+ 1-0

[Event "Men's Championship of Saratov region 2013"]
[Site "Saratov"]
[Date "2013.06.04"]
[Round "5.2"]
[White "Smirnov, Alexandr A"]
[Black "Karpenko, Artem"]
[Result "1/2-1/2"]
[WhiteElo "2155"]
[BlackElo "2043"]
[PlyCount "85"]
[EventDate "2013.06.01"]

1. f4 d5 2. Nf3 Nf6 3. g3 Bf5 4. Bg2 e6 5. O-O Bc5+ 6. e3 O-O 7. Nc3 a6 8. Ne2
Nc6 9. Ned4 Nxd4 10. exd4 Bd6 11. h3 h6 12. d3 Bh7 13. Be3 Rc8 14. Kh2 c5 15.
Qe2 Qc7 16. Rac1 Rfe8 17. Rfe1 Nd7 18. c4 dxc4 19. dxc4 f6 20. Qd2 cxd4 21.
Bxd4 e5 22. fxe5 fxe5 23. c5 Bf8 24. Bf2 Nf6 25. Ng1 Rcd8 26. Qb4 e4 27. Ne2
Nd5 28. Qb3 Kh8 29. Nc3 Nf6 30. Be3 Nh5 31. Ne2 Rd3 32. Rc3 Red8 33. Qb6 Qxb6
34. cxb6 Bb4 35. Rxd3 Rxd3 36. Nc3 Nf6 37. Bf4 Bxc3 38. bxc3 Nd5 39. Bxe4 Bxe4
40. Rxe4 Nxb6 41. Re8+ Kh7 42. Be5 Rd7 43. Bd4 1/2-1/2

[Event "Men's Championship of Saratov region 2013"]
[Site "Saratov"]
[Date "2013.06.04"]
[Round "5.3"]
[White "Palin, Denis"]
[Black "Kvitka, Roman"]
[Result "1/2-1/2"]
[WhiteElo "2145"]
[BlackElo "2164"]
[PlyCount "80"]
[EventDate "2013.06.01"]

1. c4 e5 2. Nc3 Nf6 3. g3 Bb4 4. Bg2 O-O 5. e4 Bxc3 6. dxc3 h6 7. Qe2 d6 8. Nf3
Be6 9. O-O a5 10. Nh4 Re8 11. Nf5 Bxf5 12. exf5 e4 13. f3 exf3 14. Qxf3 Nc6 15.
b3 a4 16. Bf4 Qd7 17. Qd3 Ne5 18. Qc2 Ra7 19. Rad1 b6 20. Rfe1 Qc8 21. Re2 axb3
22. axb3 Ned7 23. b4 Rxe2 24. Qxe2 Ra3 25. Rc1 Qa6 26. Rc2 Ra1+ 27. Bf1 Ne5 28.
c5 Qa4 29. Rd2 bxc5 30. Bxe5 dxe5 31. Qxe5 cxb4 32. Qxc7 Qb5 33. c4 Qxf5 34.
Rf2 Qe4 35. Qb8+ Kh7 36. Qxb4 Ng4 37. Qc3 Nxf2 38. Qxa1 Qe3 39. Kg2 Ne4 40. Qb2
f5 1/2-1/2

[Event "Men's Championship of Saratov region 2013"]
[Site "Saratov"]
[Date "2013.06.04"]
[Round "5.4"]
[White "Berezhnov, Dmitry"]
[Black "Borisovsky, Viktor"]
[Result "1/2-1/2"]
[WhiteElo "1938"]
[BlackElo "2152"]
[PlyCount "114"]
[EventDate "2013.06.01"]

1. d4 e6 2. c4 f5 3. g3 Nf6 4. Bg2 Bb4+ 5. Bd2 Bxd2+ 6. Qxd2 O-O 7. Nc3 d6 8.
Nf3 Qe7 9. O-O c6 10. Rad1 Nbd7 11. b3 e5 12. Qg5 e4 13. Ne1 Nd5 14. Qxe7 Nxe7
15. d5 c5 16. f3 exf3 17. exf3 f4 18. Nd3 fxg3 19. hxg3 Nf5 20. Kf2 Nf6 21.
Rde1 Nd4 22. Nf4 g5 23. Ne6 Bxe6 24. dxe6 Rae8 25. Nb5 Nxb5 26. cxb5 Re7 27.
Kg1 Nh5 28. Kh2 b6 29. Rf2 Rf6 30. Bf1 Rh6 31. Kg1 Kh8 32. Bc4 Ng7 33. Rd2 Nf5
34. Rd5 Rf6 35. Bd3 Nd4 36. Rxd6 Rfxe6 37. Rexe6 Nxe6 38. Kf2 Kg7 39. Bc4 Nd4
40. b4 Nf5 41. Rd3 cxb4 42. Rb3 Kf6 43. Bd3 Ne3 44. Rxb4 Nd1+ 45. Kg2 h5 46.
Rd4 Nc3 47. Rd6+ Ke5 48. Rg6 Kd4 49. Rd6+ Ke5 50. Rg6 Nxa2 51. Rxg5+ Kd4 52.
Be4 Nc3 53. Rxh5 Nxe4 54. Rh4 Kc5 55. Rxe4 Rxe4 56. fxe4 Kxb5 57. g4 a5 1/2-1/2

[Event "Men's Championship of Saratov region 2013"]
[Site "Saratov"]
[Date "2013.06.04"]
[Round "5.5"]
[White "Zhdanov, Petr"]
[Black "Bolychevsky, Alexander"]
[Result "1-0"]
[WhiteElo "2025"]
[BlackElo "1856"]
[PlyCount "63"]
[EventDate "2013.06.01"]

1. e4 e6 2. d4 d5 3. exd5 exd5 4. c4 c6 5. Nc3 Nf6 6. Bd3 Be6 7. cxd5 Nxd5 8.
Nge2 Bd6 9. Ne4 Bb4+ 10. Bd2 Qa5 11. Nd6+ Ke7 12. Nxb7 Qb6 13. Nc5 Bxc5 14.
dxc5 Qxc5 15. O-O Rd8 16. Rc1 Qd6 17. Qc2 Ne3 18. Bxe3 Qxd3 19. Qc5+ Ke8 20.
Nd4 Qe4 21. Rfe1 Nd7 22. Qa3 Nf6 23. Nxc6 Rd7 24. Bg5 Qf5 25. Bxf6 Qxf6 26. h3
Qg5 27. Rc5 Qf6 28. Rce5 Rd2 29. f4 Qh4 30. Qe3 Rd6 31. Nd4 Kf8 32. Nf5 1-0

[Event "Men's Championship of Saratov region 2013"]
[Site "Saratov"]
[Date "2013.06.04"]
[Round "5.6"]
[White "Kavyev, Ruslan"]
[Black "Kruzhilin, Aleksey"]
[Result "1/2-1/2"]
[WhiteElo "1835"]
[BlackElo "1957"]
[PlyCount "111"]
[EventDate "2013.06.01"]

1. e4 e5 2. Nf3 Nc6 3. Nc3 Nf6 4. Bb5 Bb4 5. Bxc6 dxc6 6. Nxe5 Qe7 7. Nd3 Nxe4
8. O-O Nxc3 9. dxc3 Bd6 10. Bf4 Be6 11. Qf3 O-O-O 12. Rfe1 g5 13. Be5 Bxe5 14.
Nxe5 h5 15. Qe3 Kb8 16. Nxf7 Qxf7 17. Qxe6 Qf4 18. Rad1 a6 19. Qe7 Rde8 20.
Qxe8+ Rxe8 21. Rxe8+ Ka7 22. b3 Qf5 23. Rd3 c5 24. c4 Qf6 25. c3 b5 26. cxb5
axb5 27. f3 Qg6 28. Red8 c4 29. Rd2 cxb3 30. axb3 Qe6 31. Kf2 Qxb3 32. R2d3 h4
33. R8d5 Kb6 34. h3 Qb1 35. Rd2 Qc1 36. R5d3 c6 37. Rd1 Qf4 38. Ke2 Qa4 39. Kf2
Ka5 40. Kg1 Qc4 41. Kh2 Qc5 42. Re1 Qf5 43. Re4 Kb6 44. Rde3 Qd5 45. Re5 Qd6
46. Kg1 Qd1+ 47. Re1 Qd2 48. R1e3 Ka5 49. Re6 Qd1+ 50. Re1 Qd5 51. R6e5 Qc4 52.
R1e3 Qf4 53. R5e4 Qd6 54. Re5 Qa3 55. Kh2 Qc1 56. R5e4 1/2-1/2

[Event "Men's Championship of Saratov region 2013"]
[Site "Saratov"]
[Date "2013.06.04"]
[Round "5.7"]
[White "Vdovin, Sergey"]
[Black "Nurdinov, Iliya"]
[Result "1/2-1/2"]
[WhiteElo "1675"]
[BlackElo "1951"]
[PlyCount "104"]
[EventDate "2013.06.01"]

1. e4 d6 2. d4 Nf6 3. Nc3 g6 4. Be2 Bg7 5. h4 h5 6. Nh3 Bxh3 7. Rxh3 Nbd7 8. f4
c6 9. e5 Nd5 10. Nxd5 cxd5 11. e6 fxe6 12. Qd3 Nf8 13. Be3 Qb6 14. O-O-O O-O-O
15. Kb1 Kb8 16. Qa3 Rc8 17. Rd3 Nd7 18. Rg3 Bf6 19. Rxg6 Qb5 20. Rd2 Qc6 21.
Qb3 Nb6 22. Bf2 Nc4 23. Rd1 Qa6 24. Qd3 Qb6 25. Qb3 Qa6 26. Qd3 Rc6 27. Ka1 Qa5
28. Be1 Qc7 29. b3 Na3 30. c3 a6 31. Kb2 Nb5 32. a4 Na7 33. Qg3 Nc8 34. Rg8
Rxg8 35. Qxg8 e5 36. Qg6 exd4 37. cxd4 e5 38. Bd3 Qe7 39. Bc3 Bxh4 40. Qxh5
exf4 41. a5 Bf2 42. Qxd5 Qf6 43. Qf5 Qxf5 44. Bxf5 Ne7 45. Be4 d5 46. Bf3 Nf5
47. Rf1 Be3 48. Bxd5 Rd6 49. Bf3 Nxd4 50. Bxd4 Rxd4 51. Rd1 Rxd1 52. Bxd1 Bd2
1/2-1/2